000
00266nam a22001097a 4500
008
230619b xxu||||| |||| 00| 0 eng d
082
_a
297
_b
ARN
245
_a
The Legacy of Islam
260
_a
London
_b
Oxford University Press
_c
1931
300
_a
416p
942
_2
ddc
_c
BK
999
_c
1245
_d
1245